[Event "Veliko Gradiste Silver Lake op-A"]
[Site "Veliko Gradiste"]
[Date "2022.06.20"]
[Round "3"]
[White "Thrish, Karthik"]
[Black "Maksimovic, Branimir"]
[Result "0-1"]
[WhiteElo "2095"]
[BlackElo "2229"]
[PlyCount "101"]
[EventDate "2022.06.19"]
[EventType "swiss"]
[EventRounds "9"]
[EventCountry "SRB"]
[SourceTitle "CBM 209 Extra"]
[Source "ChessBase"]
[SourceDate "2022.09.30"]
[SourceVersion "1"]
[SourceVersionDate "2022.09.30"]
[SourceQuality "1"]

1. e4 e6 2. d4 d5 3. exd5 exd5 4. Bd3 c5 5. dxc5 Bxc5 6. Nf3 Nf6 7. 0-0 0-0 8. Nc3 Nc6 9. Bg5 h6 10. Bh4 Be6 11. a3 a6 12. Qd2 Be7 13. Rfe1 Re8 14. Rad1 Qb6 15. Na4 Qa7 16. b4 Nd7 17. Bg3 b5 18. Nc3 Nb6 19. Bf4 Nc4 20. Qc1 Bf6 21. Ne2 Bg4 22. Bxh6 Bxf3 23. gxf3 N4e5 24. Qf4 Nxd3 25. cxd3 Ne5 26. Qg3 Qd7 27. Bf4 Ng6 28. Bc1 Qf5 29. Kf1 Nh4 30. Ng1 Rxe1+ 31. Kxe1 Rc8 32. Qg4 Qe5+ 33. Kf1 Re8 34. Qg3 Qc3 35. Ne2 Qc2 36. Rd2 Qb1 37. Rd1 Qb3 38. Rd2 Rc8 39. f4 Nf5 40. Qh3 g6 41. Kg1 Bc3 42. Nxc3 Rxc3 43. Bb2 d4 44. Bxc3 dxc3 45. Re2 Qd1+ 46. Qf1 c2 47. Re1 Qg4+ 48. Kh1 Qxf4 49. Rc1 Qf3+ 50. Qg2 Qxd3 51. Qf1 0-1

[Event "Nis Palilula"]
[Site "Nis"]
[Date "2022.05.30"]
[Round "6"]
[White "Maksimovic, Branimir"]
[Black "Milovanovic, Srboljub"]
[Result "1-0"]
[WhiteElo "2247"]
[BlackElo "1980"]
[PlyCount "59"]
[EventDate "2022.05.27"]
[EventType "tourn"]
[EventRounds "7"]
[EventCountry "SRB"]
[SourceTitle "CBM 208 Extra"]
[Source "ChessBase"]
[SourceDate "2022.07.31"]
[SourceVersion "1"]
[SourceVersionDate "2022.07.31"]
[SourceQuality "1"]

1. Nf3 d5 2. g3 c6 3. Bg2 Bf5 4. 0-0 e6 5. d3 Nf6 6. c4 Nbd7 7. cxd5 exd5 8. Nc3 Be7 9. h3 h6 10. e4 dxe4 11. Nd4 Bh7 12. dxe4 Nb6 13. e5 Nfd5 14. Qg4 Rg8 15. e6 Bg6 16. Rd1 h5 17. Qe2 f5 18. Nxd5 Nxd5 19. Nb5 Kf8 20. Nc3 Qe8 21. Nxd5 cxd5 22. Rxd5 Bh7 23. Bf4 g5 24. Bd6 Rg7 25. Qe5 Qg6 26. Rad1 Re8 27. Bf1 Kg8 28. Bb5 Rf8 29. Bxe7 Rxe7 30. Rd7 1-0

[Event "Novi Sad TS IM Mix 277th"]
[Site "Novi Sad"]
[Date "2022.05.20"]
[Round "7"]
[White "Zivkovic, Nemanja"]
[Black "Maksimovic, Branimir"]
[Result "1-0"]
[WhiteElo "2406"]
[BlackElo "2247"]
[PlyCount "95"]
[EventDate "2022.05.16"]
[EventType "schev"]
[EventRounds "9"]
[EventCountry "SRB"]
[SourceTitle "CBM 208 Extra"]
[Source "ChessBase"]
[SourceDate "2022.07.31"]
[SourceVersion "1"]
[SourceVersionDate "2022.07.31"]
[SourceQuality "1"]

1. e4 e5 2. Nf3 Nc6 3. Bb5 a6 4. Ba4 Bc5 5. 0-0 Nge7 6. c3 0-0 7. d4 Ba7 8. d5 Nb8 9. Nxe5 d6 10. Nf3 Ng6 11. Bc2 Nd7 12. Nbd2 Nde5 13. Nd4 Bg4 14. f3 Bd7 15. Kh1 Nf4 16. N2b3 Qf6 17. Nf5 g6 18. Nh6+ Kh8 19. Ng4 Qg5 20. g3 Nxg4 21. Bxf4 Qh5 22. fxg4 Bxg4 23. Qd2 Bf3+ 24. Rxf3 Qxf3+ 25. Qg2 Qxg2+ 26. Kxg2 Kg7 27. Rf1 Rae8 28. Bd3 f5 29. exf5 gxf5 30. Nd4 Bxd4 31. cxd4 h5 32. Rc1 Rf7 33. Kf2 Kf6 34. Kg2 Rd7 35. Rf1 Rf7 36. Kh3 Kg6 37. Bd2 a5 38. Kg2 c6 39. dxc6 bxc6 40. Rc1 c5 41. Kf3 cxd4 42. Rc4 Re5 43. Rxd4 Rf6 44. a4 Rc5 45. Bc3 Re6 46. Bb5 Rce5 47. Rxd6 Re3+ 48. Kf2 1-0

[Event "Novi Sad TS IM Mix 257th"]
[Site "Novi Sad"]
[Date "2022.05.13"]
[Round "7"]
[White "Korelskiy, Egor"]
[Black "Maksimovic, Branimir"]
[Result "1/2-1/2"]
[WhiteElo "2076"]
[BlackElo "2247"]
[PlyCount "20"]
[EventDate "2022.05.09"]
[EventType "tourn"]
[EventRounds "9"]
[EventCountry "SRB"]
[SourceTitle "CBM 208 Extra"]
[Source "ChessBase"]
[SourceDate "2022.07.31"]
[SourceVersion "1"]
[SourceVersionDate "2022.07.31"]
[SourceQuality "1"]

1. e4 e5 2. Nf3 Nc6 3. Bb5 a6 4. Ba4 Nf6 5. 0-0 Be7 6. Re1 b5 7. Bb3 d6 8. c3 Nb8 9. d4 Nbd7 10. Nbd2 Bb7 1/2-1/2

[Event "Novi Sad TS IM Mix 257th"]
[Site "Novi Sad"]
[Date "2022.05.11"]
[Round "4"]
[White "Maksimovic, Branimir"]
[Black "Mohammed, Dilshad"]
[Result "0-1"]
[WhiteElo "2247"]
[BlackElo "2041"]
[PlyCount "80"]
[EventDate "2022.05.09"]
[EventType "tourn"]
[EventRounds "9"]
[EventCountry "SRB"]
[SourceTitle "CBM 208 Extra"]
[Source "ChessBase"]
[SourceDate "2022.07.31"]
[SourceVersion "1"]
[SourceVersionDate "2022.07.31"]
[SourceQuality "1"]

1. e4 e5 2. Nf3 Nc6 3. Bc4 Nf6 4. d4 exd4 5. 0-0 d6 6. Nxd4 Be7 7. Nc3 Bd7 8. a4 0-0 9. h3 Re8 10. Re1 h6 11. a5 a6 12. Bf4 Bf8 13. Nxc6 Bxc6 14. Qd3 Qe7 15. Nd5 Bxd5 16. Bxd5 Nxd5 17. Qxd5 Qf6 18. Qd2 Qxb2 19. Rab1 Qa2 20. Rxb7 Qc4 21. Rb4 Qc5 22. Rd4 Rab8 23. Re3 Rb2 24. Re2 Rxc2 25. Qxc2 Qxd4 26. Kh2 c5 27. f3 Rb8 28. Bg3 Qb4 29. Qa2 c4 30. e5 dxe5 31. Bxe5 Bd6 32. f4 Bxe5 33. fxe5 c3 34. e6 Qd6+ 35. g3 fxe6 36. h4 Kh8 37. Kh3 Qd5 38. Qa4 Rb1 39. Qe8+ Kh7 40. Rf2 h5 0-1

[Event "Novi Sad TS IM Mix 257th"]
[Site "Novi Sad"]
[Date "2022.05.11"]
[Round "3"]
[White "Zivkovic, Nemanja"]
[Black "Maksimovic, Branimir"]
[Result "1/2-1/2"]
[WhiteElo "2406"]
[BlackElo "2247"]
[PlyCount "126"]
[EventDate "2022.05.09"]
[EventType "tourn"]
[EventRounds "9"]
[EventCountry "SRB"]
[SourceTitle "CBM 208 Extra"]
[Source "ChessBase"]
[SourceDate "2022.07.31"]
[SourceVersion "1"]
[SourceVersionDate "2022.07.31"]
[SourceQuality "1"]

1. e4 e5 2. Nf3 Nc6 3. Bb5 Bc5 4. c3 a6 5. Ba4 Nge7 6. 0-0 Ng6 7. Nxe5 Ncxe5 8. d4 b5 9. Bb3 Bb6 10. dxe5 0-0 11. Kh1 Bb7 12. Bd5 Bxd5 13. Qxd5 c6 14. Qd3 Nxe5 15. Qg3 Ng6 16. Bf4 Re8 17. Nd2 d5 18. Rad1 Re6 19. Bg5 f6 20. Bf4 Qd7 21. f3 Rd8 22. Nb3 Nxf4 23. Qxf4 Qd6 24. Qh4 Re5 25. Rd2 g6 26. Qg3 Qe7 27. exd5 Rdxd5 28. Rxd5 Rxd5 29. Re1 Qd6 30. Qxd6 Rxd6 31. g3 Kf7 32. Re2 f5 33. Kg2 c5 34. f4 c4 35. Nd2 Re6 36. Kf1 Rxe2 37. Kxe2 Ke6 38. Nf3 h6 39. h3 Bd8 40. Ke3 Bf6 41. a3 Bd8 42. Ke2 Be7 43. Ke3 Bd8 44. Ke2 Bc7 45. Nd4+ Kd5 46. Kf3 Bb6 47. Nc2 a5 48. Ne3+ Kc5 49. g4 fxg4+ 50. Nxg4 b4 51. axb4+ axb4 52. Ke3 bxc3 53. bxc3 Kd5+ 54. Kf3 Ba5 55. Ne3+ Kc5 56. f5 gxf5 57. Nxf5 h5 58. Ne3 Bxc3 59. Nxc4 Kxc4 60. Kg3 Kd3 61. h4 Ke3 62. Kh2 Kf2 63. Kh1 Be5 1/2-1/2